Album d'Alonzo - Statistiques

Statistiques générales
  • Ce quiz a été pris 9 fois
  • Le résultat moyen est 6 sur 12
Statistiques - réponses
Par images Réponse % Correct
100%
88%
Capo dei capi
88%
Règlement de comptes
63%
Stone
63%
Avenue de St Antoine
50%
Les Temps modernes
50%
Longue Vie à Nous
50%
Quartiers Nord
38%
Un dernier coup d'oeil dans le retroviseur
38%
Amour, gloire & cité
25%
Capo dei capi Volume II
25%
Capo dei capi Volume III
13%
Aucun quiz correspondant
Distribution des résultats
% des personnes avec chaque résultat
Percentile par nombre de réponses
Votre historique - résultats
Vous n’avez pas pris ce quiz